000 00444nam a22001817a 4500
003 MPLRDC
005 20220104123629.0
008 210129b ||||| |||| 00| 0 eng d
020 _a7-80109-011-X
082 _a855 YLa
100 _a杨炼、友友著
245 _a人景. 鬼话
_c
250 _a一版一刷
260 _a
_b中央编译出版社
_c1994
300 _b
650 _a散文;随笔、日记
942 _cBK
_o855 YLa
999 _c12941
_d12931